Statistical decision theory and related topics : proceedings of a symposium held at Purdue University, November 23-25, 1970.
محفوظ في:
| مؤلفون آخرون: | , |
|---|---|
| التنسيق: | كتاب |
| منشور في: |
New York :
Academic Press,
1971.
|
| الموضوعات: | |
| الوسوم: |
إضافة وسم
لا توجد وسوم, كن أول من يضع وسما على هذه التسجيلة!
|
MARC
| LEADER | 00000cam a2200000 4500 | ||
|---|---|---|---|
| 020 | |a 0123075505 | ||
| 040 | |a MUL |b eng |e AACR | ||
| 082 | 0 | 0 | |a 519.54 GUP |
| 245 | 0 | 0 | |a Statistical decision theory and related topics : |b proceedings of a symposium held at Purdue University, November 23-25, 1970. |c / Edited by Shanti S. Gupta and James Yackel. |
| 260 | |a New York : |b Academic Press, |c 1971. | ||
| 300 | |a xii, 383 p. ; |c 24 cm. | ||
| 504 | |a Includes bibliographical references. | ||
| 546 | |a eng | ||
| 650 | 0 | |a Statistical decision | |
| 700 | 1 | |a Gupta, Shanti Swarup, |d 1925- | |
| 700 | 1 | |a Yackel, James, |d 1936- | |
| 942 | |c BK | ||
| 999 | |c 3360 |d 3360 | ||